| Поле | Название | Значение |
| |
Тип записи |
a |
| |
Библиографический уровень |
m |
| 001 |
Контрольный номер |
RU/CBS_UL/BASE/bea4e04a7a5f4b89add9b12cfd5fac67 |
| 005 |
Дата корректировки |
20260414092844.3 |
| 010 |
Индекс ISBN |
__ |
| a |
ISBN |
978-5-4465-0414-5 |
| d |
Цена |
21 р. 78 к. |
| 9 |
Тираж |
2 000 экз. |
| 100 |
Данные общей обработки |
__ |
| a |
Данные общей обработки |
20260414d 0rusy0189## ca |
| 101 |
Язык документа |
0_ |
| a |
Язык текста |
rus |
| 102 |
Страна публикации |
__ |
| a |
Страна публикации |
RU |
| 200 |
Заглавие и сведения об ответственности |
1_ |
| a |
Заглавие |
Моя борьба |
| e |
Сведения, относящиеся к заглавию |
преодоление рождает личность |
| f |
Первые сведения об ответственности |
Д. Ю. Носов |
| 210 |
Выходные данные |
1_ |
| a |
Место издания |
Москва |
| d |
Дата издания |
2017 |
| 210 |
Выходные данные |
1_ |
| a |
Место издания |
Москва |
| c |
Издательство |
Лазукка |
| d |
Дата издания |
2017 |
| 215 |
Физическое описание |
__ |
| a |
Объем |
223 с. |
| c |
Иллюстрации/тип воспроизводства |
ил., фот. |
| d |
Формат |
23,5 см. |
| 300 |
Общие примечания |
__ |
| a |
Общие примечания |
12+ |
| 600 |
Персоналии |
_1 |
| a |
Персоналии (Фамилия) |
Носов |
| b |
Персоналии (Имя, инициалы) |
Д. Ю. |
| 606 |
Тематические рубрики |
0_ |
| a |
Основная рубрика |
Носов, Дмитрий Юрьевич (1980) |
| 610 |
Ключевые слова |
0_ |
| a |
Ключевые слова |
проза автобиографическая; большой спорт; спортсмены; карьера спортивная; Олимпийские игры; биографии спортсменов; мемуары; спортивная борьба |
| 686 |
Индексы других классификаций |
__ |
| 2 |
Код системы |
rubbk |
| a |
Классификационный индекс |
75.715 |
| 700 |
Автор |
_1 |
| a |
Фамилия |
Носов |
| b |
Имя (инициалы) |
Д. Ю. |
| g |
Полное личное имя |
Дмитрий Юрьевич |
| 801 |
Источник записи |
_0 |
| a |
Страна |
RU |
| b |
Организация |
МБУК ЦБС г. Ульяновска |
| c |
Дата составления |
20260414 |
| g |
Правила каталогизации |
RCR |
| 801 |
Источник записи |
_1 |
| a |
Страна |
RU |
| b |
Организация |
МБУК ЦБС г. Ульяновска |
| c |
Дата составления |
20260414 |
| g |
Правила каталогизации |
RCR |
| 852 |
Данные о местонахождении |
__ |
| i |
Авторский знак |
Н 84 |
| j |
Шифр хранения |
75.7 |
| 900 |
Электронные ресурсы |
__ |
| a |
Имя электронного ресурса |
д. носов моя борьба |
| 901 |
Тип документа |
__ |
| t |
Тип документа |
m |
| 909 |
Создатель записи |
__ |
| a |
Создатель записи |
obr2 |
| b |
Дата создания записи |
20260414 |